| Tag |
First Indicator |
Second Indicator |
Subfields |
| LEADER |
00000cam a2200000Ia 4500 |
| 001 |
in00002527321 |
| 005 |
20151113120519.0 |
| 008 |
090514s2009 enka bc 000 0deng d |
| 020 |
|
|
|a 9781857595963
|
| 020 |
|
|
|a 1857595963
|
| 020 |
|
|
|a 9781857596205 (pbk.)
|
| 020 |
|
|
|a 185759620X (pbk.)
|
| 035 |
|
|
|a (OCoLC)ocn326587350
|
| 035 |
|
|
|a (OCoLC)326587350
|
| 040 |
|
|
|a BTCTA
|c BTCTA
|d YDXCP
|d BWK
|d OSU
|d GZM
|d UtOrBLW
|
| 049 |
|
|
|a TXAM
|
| 050 |
|
4 |
|a N6639.K85
|b A4 2009
|
| 082 |
0 |
|
|a 709
|
| 100 |
1 |
|
|a Kuitca, Guillermo,
|d 1961-
|
| 245 |
1 |
0 |
|a Guillermo Kuitca :
|b Everything, paintings and works on paper, 1980-2008 /
|c organized by Douglas Dreishpoon ; with contributions by Andreas Huyssen [and others].
|
| 246 |
3 |
0 |
|a Everything, paintings and works on paper, 1980-2008
|
| 264 |
|
1 |
|a London :
|b Scala Publishers ;
|c 2009.
|
| 264 |
|
2 |
|a New York :
|b Available through D.A.P./Distributed Art Publishers,
|
| 300 |
|
|
|a 223 pages :
|b illustrations (chiefly color) ;
|c 30 cm.
|
| 336 |
|
|
|a text
|b txt
|2 rdacontent
|
| 337 |
|
|
|a unmediated
|b n
|2 rdamedia
|
| 338 |
|
|
|a volume
|b nc
|2 rdacarrier
|
| 500 |
|
|
|a Catalogue of the exhibition of the same name in Miami Art Museum, Oct. 9, 2009-Jan. 17, 2010; Albright-Knox Art Gallery, Feb. 19-May 30, 2010; Walker Art Center, June 26-Sept. 19, 2010; Hirshhorn Museum and Sculpture Garden, Washington, DC, Oct. 21, 2010-Jan. 9, 2011.
|
| 500 |
|
|
|a "Albright-Knox Art Gallery, Hirshhorn Museum and Sculpture Garden, and Miami Art Museum in association with Scala Publishers Ltd."
|
| 504 |
|
|
|a Includes bibliographical references (pages 219-222).
|
| 600 |
1 |
0 |
|a Kuitca, Guillermo,
|d 1961-
|v Exhibitions.
|
| 700 |
1 |
|
|a Dreishpoon, Douglas.
|
| 700 |
1 |
|
|a Huyssen, Andreas.
|
| 710 |
2 |
|
|a Miami Art Museum.
|
| 710 |
2 |
|
|a Albright-Knox Art Gallery.
|
| 710 |
2 |
|
|a Walker Art Center.
|
| 710 |
2 |
|
|a Hirshhorn Museum and Sculpture Garden.
|
| 938 |
|
|
|a Baker and Taylor
|b BTCP
|n BK0008373865
|
| 938 |
|
|
|a YBP Library Services
|b YANK
|n 3053172
|
| 945 |
|
|
|a PromptCat
|b 842246
|
| 946 |
|
|
|a stk
|
| 947 |
|
|
|a A14839982723
|
| 994 |
|
|
|a 92
|b TXA
|
| 948 |
|
|
|a cataloged
|b h
|c 2009/12/4
|d c
|e jwilkinson
|
| 999 |
|
|
|a MARS
|
| 999 |
f |
f |
|s 1990c5ef-bffe-397d-a57f-9729a9d2534c
|i fb039612-4046-343d-9ac1-eff0177ea71d
|t 0
|
| 952 |
f |
f |
|p normal
|a Texas A&M University
|b College Station
|c Sterling C. Evans Library
|d Evans: Library Stacks
|t 0
|e N6639.K85 A4 2009
|h Library of Congress classification
|i unmediated -- volume
|m A14839982723
|
| 998 |
f |
f |
|a N6639.K85 A4 2009
|t 0
|l Evans: Library Stacks
|